<?xml version="1.0" encoding="UTF-8"?>
<collection xmlns="http://www.loc.gov/MARC21/slim">
 <record>
  <leader>06004nam a2200421 a 4500</leader>
  <controlfield tag="001">kal4991</controlfield>
  <controlfield tag="003">Gr-AtHEAL</controlfield>
  <controlfield tag="005">20160427182754.0</controlfield>
  <controlfield tag="006">m        d        </controlfield>
  <controlfield tag="008">160413s2015    gr      s           gre|c</controlfield>
  <datafield tag="020" ind1=" " ind2=" ">
   <subfield code="a">9789606033957</subfield>
  </datafield>
  <datafield tag="040" ind1=" " ind2=" ">
   <subfield code="a">GR-AtHEAL</subfield>
   <subfield code="b">gre</subfield>
   <subfield code="c">GR-AtHEAL</subfield>
  </datafield>
  <datafield tag="082" ind1="0" ind2="4">
   <subfield code="a">349.4</subfield>
   <subfield code="2">23</subfield>
  </datafield>
  <datafield tag="100" ind1="1" ind2=" ">
   <subfield code="a">Παπαχρίστου, Αθανάσιος.</subfield>
   <subfield code="8">1717</subfield>
  </datafield>
  <datafield tag="245" ind1="1" ind2="0">
   <subfield code="a">Δίκαιο και λογοτεχνία</subfield>
   <subfield code="h">[Ηλεκτρονικός πόρος] </subfield>
   <subfield code="c">Παπαχρίστου, Αθανάσιος ; Χέλμης, Ανδρέας ; Μαροπούλου, Μαρίνα ; Κριτικός αναγνώστης,Γερμανού, Μαρία ; Γλωσσική επιμέλεια,Ραβδάς, Παντελής.</subfield>
  </datafield>
  <datafield tag="260" ind1=" " ind2=" ">
   <subfield code="a">Αθήνα :</subfield>
   <subfield code="b">Σύνδεσμος Ελληνικών Ακαδημαϊκών Βιβλιοθηκών,</subfield>
   <subfield code="c">c2015.</subfield>
  </datafield>
  <datafield tag="490" ind1=" " ind2=" ">
   <subfield code="a">Ακαδημαϊκά Ηλεκτρονικά Συγγράμματα και Βοηθήματα Κάλλιπος</subfield>
   <subfield code="8">40</subfield>
  </datafield>
  <datafield tag="520" ind1=" " ind2=" ">
   <subfield code="a">Σκοπός του βιβλίου, το οποίο θα αποτελέσει κύριο βοήθημα για το μάθημα επιλογής του 8ου εξαμήνου της Νομικής Σχολής του ΕΚΠΑ &quot;Δίκαιο και Λογοτεχνία&quot;, είναι να φέρει σε επαφή τους σπουδαστές του δικαίου με ένα ιδιαίτερα ελκυστικό θεωρητικό, κριτικό ρεύμα Αμερικανικής ακαδημαϊκής προέλευσης με απαρχή τη δεκαετία του 70 και με δυναμική πλέον εμφάνιση και στα προγράμματα των Ευρωπαϊκών Νομικών Σπουδών. Τέμνοντας τα πεδία των νομικών και λογοτεχνικών σπουδών το &quot;Δίκαιο και Λογοτεχνία&quot;αναδεικνύει τα κοινά στοιχεία και τους δεσμούς που συνδέουν το δίκαιο με τη λογοτεχνία, επιτρέποντας την ευρύτερη κατανόηση του δικαίου ως πολιτισμικού φαινομένου. Οι προδρομικές μορφές, οι αιτίες εμφάνισης, οι στόχοι της κίνησης &quot;Δίκαιο και Λογοτεχνία&quot; στο περιβάλλον των σημερινών νομικών σπουδών θα αποτελέσουν αντικείμενο της εισαγωγής.Τα τρία επόμενα κεφάλαια θα αφιερωθούν στις τρεις μείζονες οπτικές υπό τις οποίες κυρίως εξετάζονται οι σχέσεις του δικαίου με τη λογοτεχνία. Η οπτική &quot;Το δίκαιο στη λογοτεχνία&quot; επικεντρώνεται στις αναπαραστάσεις των νομικών θεσμών και των λειτουργών της δικαιοσύνης στα λογοτεχνικά έργα. Η οπτική &quot;Το δίκαιο ως λογοτεχνία&quot; διερευνά τη γλωσσική και υφολογική ιδιαιτερότητα των νομικών κανόνων και της δικανικής γραφής, ενώ η οπτική &quot;Το δίκαιο της λογοτεχνίας&quot; επικεντρώνεται στο εκάστοτε θεσμικό πλαίσιο που οριοθετεί ως δυνατότητα αλλά και ως περιορισμό τη λογοτεχνική δημιουργία. Στα επόμενα κεφάλαια θα γίνει λόγος για ειδικότερες συσχετίσεις του δικαίου με τη λογοτεχνία: για τις σχέσεις ομοιότητας ή διαφοράς μεταξύ νομικής και λογοτεχνικής ερμηνείας,για τη θέση της αφήγησης στη νομική διδακτική και πρακτική, για το λογοτεχνικό έργο, κυρίως υπό την λαϊκότερη εκδοχή του, ως συντελεστή επιτάχυνσης ή επιβράδυνσης νομοθετικής μεταρρύθμισης. Το καταληκτικό κεφάλαιο αφιερώνεται στη σημασία του μύθου και της μυθοπλασίας για τη θεμελίωση θεσμών δικαίου, τη διατύπωση κανονιστικού επιχειρήματος και την αποκρυπτογράφηση νομικών δογμάτων.</subfield>
  </datafield>
  <datafield tag="650" ind1=" " ind2="0">
   <subfield code="a">Legal literature</subfield>
   <subfield code="8">2719</subfield>
  </datafield>
  <datafield tag="653" ind1=" " ind2=" ">
   <subfield code="a">Λογοκρισία</subfield>
  </datafield>
  <datafield tag="653" ind1=" " ind2=" ">
   <subfield code="a">Λογοτεχνική ερμηνεία</subfield>
  </datafield>
  <datafield tag="653" ind1=" " ind2=" ">
   <subfield code="a">Ηθική</subfield>
  </datafield>
  <datafield tag="653" ind1=" " ind2=" ">
   <subfield code="a">Λογοτεχνική κριτική</subfield>
  </datafield>
  <datafield tag="653" ind1=" " ind2=" ">
   <subfield code="a">Μυθοπλασία</subfield>
  </datafield>
  <datafield tag="653" ind1=" " ind2=" ">
   <subfield code="a">Αφήγηση</subfield>
  </datafield>
  <datafield tag="653" ind1=" " ind2=" ">
   <subfield code="a">Δίκαιο</subfield>
  </datafield>
  <datafield tag="653" ind1=" " ind2=" ">
   <subfield code="a">Τέχνες και γράμματα</subfield>
   <subfield code="a">Φιλολογία</subfield>
   <subfield code="a">Λογοτεχνία</subfield>
  </datafield>
  <datafield tag="653" ind1=" " ind2=" ">
   <subfield code="a">Τέχνες και γράμματα</subfield>
   <subfield code="a">Φιλολογία</subfield>
  </datafield>
  <datafield tag="653" ind1=" " ind2=" ">
   <subfield code="a">Νομικές επιστήμες</subfield>
   <subfield code="a">Γενική θεωρία και μέθοδοι</subfield>
  </datafield>
  <datafield tag="653" ind1=" " ind2=" ">
   <subfield code="a">Νομικές επιστήμες</subfield>
   <subfield code="a">Γενική θεωρία και μέθοδοι</subfield>
   <subfield code="a">Κοινωνιολογία του δικαίου</subfield>
  </datafield>
  <datafield tag="700" ind1="1" ind2=" ">
   <subfield code="a">Μαροπούλου, Μαρίνα</subfield>
   <subfield code="e">Συγγραφέας</subfield>
   <subfield code="8">1718</subfield>
  </datafield>
  <datafield tag="700" ind1="1" ind2=" ">
   <subfield code="a">Χέλμης, Ανδρέας</subfield>
   <subfield code="e">Συγγραφέας</subfield>
   <subfield code="8">1719</subfield>
  </datafield>
  <datafield tag="700" ind1="1" ind2=" ">
   <subfield code="a">Γερμανού, Μαρία</subfield>
   <subfield code="e">Κριτικός αναγνώστης</subfield>
   <subfield code="8">1720</subfield>
  </datafield>
  <datafield tag="856" ind1="4" ind2="0">
   <subfield code="u">http://hdl.handle.net/11419/4991</subfield>
   <subfield code="z">Πλήρες Κείμενο - Full text</subfield>
  </datafield>
  <datafield tag="907" ind1=" " ind2=" ">
   <subfield code="a">.b25677639</subfield>
   <subfield code="b">12-06-18</subfield>
   <subfield code="c">29-07-16</subfield>
  </datafield>
  <datafield tag="949" ind1=" " ind2=" ">
   <subfield code="0">0</subfield>
   <subfield code="1">0</subfield>
   <subfield code="2">ddc</subfield>
   <subfield code="4">0</subfield>
   <subfield code="6">349_400000000000000_ΠΑΠ</subfield>
   <subfield code="7">0</subfield>
   <subfield code="8">KALL</subfield>
   <subfield code="8">521</subfield>
   <subfield code="d">2016-04-13</subfield>
   <subfield code="r">2016-04-13</subfield>
   <subfield code="w">2016-04-13</subfield>
   <subfield code="z">349.4 ΠΑΠ</subfield>
   <subfield code="o">SEAB KALLIPOS</subfield>
  </datafield>
  <datafield tag="998" ind1=" " ind2=" ">
   <subfield code="a">80</subfield>
   <subfield code="a">01</subfield>
   <subfield code="a">02</subfield>
   <subfield code="a">03</subfield>
   <subfield code="a">04</subfield>
   <subfield code="a">05</subfield>
   <subfield code="a">06</subfield>
   <subfield code="a">07</subfield>
   <subfield code="a">08</subfield>
   <subfield code="a">09</subfield>
   <subfield code="a">10</subfield>
   <subfield code="a">11</subfield>
   <subfield code="a">12</subfield>
   <subfield code="a">13</subfield>
   <subfield code="a">14</subfield>
   <subfield code="a">15</subfield>
   <subfield code="a">16</subfield>
   <subfield code="a">17</subfield>
   <subfield code="a">18</subfield>
   <subfield code="a">19</subfield>
   <subfield code="a">20</subfield>
   <subfield code="a">21</subfield>
   <subfield code="a">22</subfield>
   <subfield code="a">23</subfield>
   <subfield code="a">24</subfield>
   <subfield code="a">25</subfield>
   <subfield code="a">26</subfield>
   <subfield code="b">10-05-17</subfield>
   <subfield code="c">m</subfield>
   <subfield code="d">z  </subfield>
   <subfield code="e">-</subfield>
   <subfield code="f">gre</subfield>
   <subfield code="g">gr </subfield>
   <subfield code="h">0</subfield>
  </datafield>
  <datafield tag="942" ind1=" " ind2=" ">
   <subfield code="2">ddc</subfield>
   <subfield code="c">KALLIPOS</subfield>
  </datafield>
 </record>
</collection>
